[Event "Mitropa Cup 11th"]
[Site "Muerren"]
[Date "1987.??.??"]
[Round "3"]
[White "Roos, Daniel"]
[Black "Huss, Andreas"]
[Result "1/2-1/2"]
[WhiteElo "2355"]
[BlackElo "2400"]
[PlyCount "55"]
[EventDate "1987.09.26"]
[EventType "team-tourn"]
[EventRounds "5"]
[EventCountry "SUI"]
[Source "ChessBase"]
[SourceDate "2000.11.22"]

1. e4 e6 2. d4 d5 3. Nd2 c5 4. exd5 exd5 5. Ngf3 Nc6 6. Bb5 Bd6 7. dxc5 Bxc5 8.
O-O Nge7 9. Nb3 Bd6 10. Bg5 O-O 11. Bh4 Qb6 12. Bd3 a5 13. Re1 h6 14. a4 Bg4
15. Bxe7 Bxe7 16. h3 Bxf3 17. Qxf3 Rad8 18. Rad1 Rd6 19. Bb5 Bf6 20. Rxd5 Rxd5
21. Qxd5 Bxb2 22. Qc5 Bd4 23. Qxb6 Bxb6 24. Bxc6 bxc6 25. Re7 Rb8 26. Kf1 Kf8
27. Rd7 Ke8 28. Rd6 1/2-1/2

[Event "Mitropa Cup 11th"]
[Site "Muerren"]
[Date "1987.??.??"]
[Round "3"]
[White "Seret, Jean Luc"]
[Black "Wirthensohn, Heinz"]
[Result "1/2-1/2"]
[WhiteElo "2425"]
[BlackElo "2435"]
[PlyCount "28"]
[EventDate "1987.09.26"]
[EventType "team-tourn"]
[EventRounds "5"]
[EventCountry "SUI"]
[Source "ChessBase"]
[SourceDate "2000.11.22"]

1. e4 c5 2. Nf3 Nc6 3. Bb5 g6 4. O-O Bg7 5. c3 Nf6 6. Re1 O-O 7. h3 e5 8. Bxc6
dxc6 9. Nxe5 Re8 10. f4 Nh5 11. d4 cxd4 12. cxd4 Qh4 13. Rf1 Bxh3 14. gxh3 Qg3+
1/2-1/2

[Event "Mitropa Cup 11th"]
[Site "Muerren"]
[Date "1987.??.??"]
[Round "3"]
[White "Zueger, Beat"]
[Black "Vaisman, Volodia"]
[Result "1/2-1/2"]
[WhiteElo "2405"]
[BlackElo "2400"]
[PlyCount "66"]
[EventDate "1987.09.26"]
[EventType "team-tourn"]
[EventRounds "5"]
[EventCountry "SUI"]
[Source "ChessBase"]
[SourceDate "2000.11.22"]

1. c4 e5 2. Nc3 d6 3. g3 g6 4. Bg2 Bg7 5. d3 Nc6 6. Rb1 Be6 7. b4 Qd7 8. b5 Nd8
9. Nf3 h6 10. Be3 Ne7 11. Qc1 Bh3 12. Bxh3 Qxh3 13. Nd5 Ne6 14. Nxe7 Kxe7 15.
c5 b6 16. cxd6+ cxd6 17. Rb4 Rhc8 18. Rc4 Rxc4 19. Qxc4 Rd8 20. g4 h5 21. Rg1
hxg4 22. Rxg4 Bf6 23. Qa4 Rd7 24. Rc4 Kf8 25. Rc8+ Kg7 26. Ra8 Qg2 27. Rxa7
Qh1+ 28. Kd2 Rxa7 29. Qxa7 Qb1 30. Qa4 Qb2+ 31. Kd1 Qb1+ 32. Kd2 Qb2+ 33. Kd1
Qb1+ 1/2-1/2

[Event "Mitropa Cup 11th"]
[Site "Muerren"]
[Date "1987.??.??"]
[Round "4"]
[White "Damljanovic, Branko"]
[Black "Zueger, Beat"]
[Result "1/2-1/2"]
[WhiteElo "2500"]
[BlackElo "2405"]
[PlyCount "161"]
[EventDate "1987.09.26"]
[EventType "team-tourn"]
[EventRounds "5"]
[EventCountry "SUI"]
[Source "ChessBase"]
[SourceDate "2000.11.22"]

1. Nf3 Nf6 2. c4 g6 3. Nc3 Bg7 4. e4 d6 5. d4 O-O 6. Be2 Bg4 7. Be3 Nfd7 8. Rc1
e5 9. d5 f5 10. Ng5 Bxe2 11. Qxe2 Nc5 12. f3 Bh6 13. h4 a5 14. exf5 gxf5 15.
Bxc5 Bxg5 16. hxg5 dxc5 17. f4 Nd7 18. Kf2 Qe8 19. Rh6 Ra6 20. Rxa6 bxa6 21.
Re1 Qg6 22. fxe5 Qxg5 23. Kg1 f4 24. Ne4 Qxe5 25. Qg4+ Qg7 26. Qxg7+ Kxg7 27.
Ng5 Rf5 28. Ne6+ Kf6 29. Nxc7 Re5 30. Rf1 Re4 31. b3 Ke5 32. Ne6 a4 33. Kf2 Re3
34. Rb1 a3 35. Rd1 h6 36. Nd8 Kf6 37. d6 Re8 38. Nc6 Rc8 39. Ne7 Rd8 40. Rd5
Ke6 41. Kf3 Nf6 42. Rxc5 Kxd6 43. Ra5 Kxe7 44. Rxa3 Rd6 45. Kxf4 Ne8 46. Ra5
Nc7 47. Ke3 Rg6 48. Kf2 Kd7 49. b4 Rg4 50. b5 axb5 51. cxb5 Rb4 52. g4 Nxb5 53.
Kg3 Nd6 54. Kh4 Nf7 55. Kh5 Ke7 56. a4 Rb6 57. Rb5 Ra6 58. a5 Kf8 59. Kh4 Kg7
60. Rd5 Rc6 61. Rb5 Rc1 62. Rb7 Ra1 63. Rb5 Ra3 64. Rc5 Rb3 65. Rc7 Ra3 66. Rc5
Ng5 67. Rc7+ Kf6 68. Rc6+ Ne6 69. a6 Rb3 70. Rc8 Ra3 71. Rc6 Kf7 72. Rb6 Nf4
73. Rb7+ Kf6 74. Rb6+ Ke5 75. Rxh6 Rh3+ 76. Kg5 Ne6+ 77. Kg6 Ra3 78. Rh5+ Ke4
79. Kf6 Nf4 80. Re5+ Kd4 81. Kf5 1/2-1/2

[Event "Mitropa Cup 11th"]
[Site "Muerren"]
[Date "1987.??.??"]
[Round "4"]
[White "Gobet, Fernand"]
[Black "Nikolic, Zivoslav"]
[Result "1/2-1/2"]
[WhiteElo "2310"]
[BlackElo "2420"]
[PlyCount "50"]
[EventDate "1987.09.26"]
[EventType "team-tourn"]
[EventRounds "5"]
[EventCountry "SUI"]
[Source "ChessBase"]
[SourceDate "2000.11.22"]

1. e4 e6 2. d4 d5 3. e5 b6 4. c3 Qd7 5. Nf3 Ne7 6. a4 Ba6 7. Bxa6 Nxa6 8. Na3
c6 9. h4 Nc7 10. h5 g6 11. Nc2 O-O-O 12. Qe2 Kb7 13. b3 f5 14. Ba3 Ng8 15. Bxf8
Rxf8 16. a5 Nh6 17. Nb4 Nf7 18. Qa2 b5 19. a6+ Ka8 20. Qd2 Rb8 21. Nd3 Qe7 22.
Nc5 g5 23. b4 Rbg8 24. O-O-O Kb8 25. Ne1 Na8 1/2-1/2

[Event "Mitropa Cup 11th"]
[Site "Muerren"]
[Date "1987.??.??"]
[Round "4"]
[White "Hickl, Joerg"]
[Black "Schlosser, Michael"]
[Result "1-0"]
[WhiteElo "2455"]
[BlackElo "2350"]
[PlyCount "75"]
[EventDate "1987.09.26"]
[EventType "team-tourn"]
[EventRounds "5"]
[EventCountry "SUI"]
[Source "ChessBase"]
[SourceDate "2000.11.22"]

1. e4 d6 2. Nc3 Nf6 3. d4 g6 4. Be3 c6 5. a4 Qa5 6. f3 Bg7 7. Nge2 O-O 8. Nc1
e5 9. Nb3 Qc7 10. dxe5 dxe5 11. a5 Rd8 12. Qe2 Nbd7 13. Qf2 Qb8 14. Be2 Nf8 15.
O-O Ne6 16. Rfd1 Kh8 17. Bc4 Ng8 18. Nc5 Re8 19. N3a4 Bh6 20. Bxh6 Nxh6 21. Qd2
Kg7 22. Bxe6 Bxe6 23. Qb4 Bc8 24. Ra3 Ng8 25. Rad3 Nf6 26. Rd8 Qc7 27. Rxe8
Nxe8 28. Nd3 Kg8 29. Qc5 f6 30. Nb4 a6 31. Nb6 Rb8 32. Qc4+ Kg7 33. Nd3 Nd6 34.
Qb4 Nb5 35. Nc5 Nd4 36. c3 Ne6 37. Ncd7 c5 38. Qc4 1-0

[Event "Mitropa Cup 11th"]
[Site "Muerren"]
[Date "1987.??.??"]
[Round "4"]
[White "Kindermann, Stefan"]
[Black "Eisterer, Heinrich"]
[Result "1-0"]
[WhiteElo "2490"]
[BlackElo "2340"]
[PlyCount "51"]
[EventDate "1987.09.26"]
[EventType "team-tourn"]
[EventRounds "5"]
[EventCountry "SUI"]
[Source "ChessBase"]
[SourceDate "2000.11.22"]

1. e4 e5 2. Nf3 Nc6 3. Bb5 a6 4. Ba4 Nf6 5. O-O Be7 6. Qe2 b5 7. Bb3 O-O 8. c3
d6 9. a4 Bg4 10. h3 Bxf3 11. Qxf3 Na5 12. Bc2 b4 13. d4 b3 14. Bd3 Nd7 15. dxe5
dxe5 16. Rd1 Qc8 17. Be3 c5 18. Nd2 Nb6 19. Qe2 Qe6 20. Bxa6 Nxa4 21. Rxa4 Rxa6
22. Rda1 Rfa8 23. Qb5 Bd8 24. Nc4 Bc7 25. Nxa5 Rb8 26. Qxc5 1-0

[Event "Mitropa Cup 11th"]
[Site "Muerren"]
[Date "1987.??.??"]
[Round "4"]
[White "Matulovic, Milan"]
[Black "Hug, Werner"]
[Result "1/2-1/2"]
[WhiteElo "2425"]
[BlackElo "2430"]
[PlyCount "22"]
[EventDate "1987.09.26"]
[EventType "team-tourn"]
[EventRounds "5"]
[EventCountry "SUI"]
[Source "ChessBase"]
[SourceDate "2000.11.22"]

1. e4 e6 2. d4 d5 3. Nd2 Nc6 4. c3 e5 5. exd5 Qxd5 6. Ngf3 exd4 7. Bc4 Qh5 8.
cxd4 Be6 9. Qe2 O-O-O 10. Bxe6+ fxe6 11. O-O Nf6 1/2-1/2

[Event "Mitropa Cup 11th"]
[Site "Muerren"]
[Date "1987.??.??"]
[Round "4"]
[White "Miniboeck, Guenter"]
[Black "Bischoff, Klaus"]
[Result "1/2-1/2"]
[WhiteElo "2315"]
[BlackElo "2460"]
[PlyCount "26"]
[EventDate "1987.09.26"]
[EventType "team-tourn"]
[EventRounds "5"]
[EventCountry "SUI"]
[Source "ChessBase"]
[SourceDate "2000.11.22"]

1. d4 d6 2. e4 g6 3. c4 Bg7 4. Nc3 e5 5. dxe5 dxe5 6. Qxd8+ Kxd8 7. f4 Nd7 8.
fxe5 Nxe5 9. Bg5+ f6 10. O-O-O+ Bd7 11. Bh4 c6 12. Nf3 Kc7 13. Be2 Re8 1/2-1/2

[Event "Mitropa Cup 11th"]
[Site "Muerren"]
[Date "1987.??.??"]
[Round "4"]
[White "Stull, Norbert"]
[Black "Seret, Jean Luc"]
[Result "0-1"]
[WhiteElo "2250"]
[BlackElo "2425"]
[PlyCount "78"]
[EventDate "1987.09.26"]
[EventType "team-tourn"]
[EventRounds "5"]
[EventCountry "SUI"]
[Source "ChessBase"]
[SourceDate "2000.11.22"]

1. d4 g6 2. e4 Bg7 3. Nf3 d6 4. Nc3 Nf6 5. Be2 O-O 6. O-O c6 7. h3 Nbd7 8. e5
Ne8 9. Bg5 dxe5 10. dxe5 Nc7 11. Bc4 Nxe5 12. Nxe5 Bxe5 13. Qxd8 Rxd8 14. Bxe7
Re8 15. Bc5 Bf5 16. Rad1 Be6 17. Bxe6 Nxe6 18. Be3 Red8 19. Rxd8+ Rxd8 20. Rd1
Bxc3 21. Rxd8+ Nxd8 22. bxc3 b6 23. Kf1 f6 24. Ke2 Kf7 25. Kd3 Ke6 26. a4 Nb7
27. g4 Kd5 28. c4+ Kd6 29. Bf4+ Ke6 30. Bb8 Nc5+ 31. Kc3 a5 32. Bc7 Kd7 33. Bf4
Nxa4+ 34. Kb3 Nc5+ 35. Ka3 Ne4 36. Be3 c5 37. Ka4 Nc3+ 38. Kb3 Nd1 39. Ka4 Nxe3
0-1

[Event "Mitropa Cup 11th"]
[Site "Muerren"]
[Date "1987.??.??"]
[Round "4"]
[White "Titz, Heimo"]
[Black "Schneider, Bernd"]
[Result "1/2-1/2"]
[WhiteElo "2290"]
[BlackElo "2380"]
[PlyCount "121"]
[EventDate "1987.09.26"]
[EventType "team-tourn"]
[EventRounds "5"]
[EventCountry "SUI"]
[Source "ChessBase"]
[SourceDate "2000.11.22"]

1. c4 g6 2. e4 Bg7 3. d4 d6 4. Nc3 e5 5. Be3 exd4 6. Bxd4 Nf6 7. Nf3 Nc6 8. Be3
O-O 9. Be2 Re8 10. Nd2 Ne5 11. h3 Bd7 12. O-O Bc6 13. Nd5 Ned7 14. Qc2 Nc5 15.
Bf3 a5 16. Rfe1 Ba4 17. Nxf6+ Qxf6 18. b3 Bc6 19. Rac1 Re7 20. g3 Rae8 21. Bxc5
dxc5 22. Bg2 g5 23. Re3 Qb2 24. e5 Qxc2 25. Rxc2 Bxg2 26. Kxg2 Bxe5 27. Nf3 f6
28. Rce2 Bd6 29. Rxe7 Bxe7 30. a4 Kf7 31. g4 Rd8 32. Rd2 Bd6 33. Ne1 Ke6 34.
Nc2 Rh8 35. Re2+ Kf7 36. Ne3 h5 37. Nf5 hxg4 38. hxg4 Rd8 39. Rd2 Ke6 40. Rd3
Rg8 41. Rh3 Rb8 42. Rh7 Rf8 43. Kf3 Rf7 44. Rh8 Rd7 45. Ke4 Be5 46. Rg8 Rd2 47.
Re8+ Kd7 48. Re7+ Kc6 49. Re6+ Kd7 50. Re7+ Kd8 51. Rh7 b6 52. Ne7 Kd7 53. Ng6+
Kd6 54. Nxe5 Re2+ 55. Kd3 Rxe5 56. Rf7 Re6 57. Kd2 Kc6 58. f3 Kb7 59. Kd3 Rd6+
60. Ke4 Rd4+ 61. Ke3 1/2-1/2

[Event "Mitropa Cup 11th"]
[Site "Muerren"]
[Date "1987.??.??"]
[Round "4"]
[White "Wirthensohn, Heinz"]
[Black "Raicevic, Vladimir"]
[Result "1-0"]
[WhiteElo "2435"]
[BlackElo "2460"]
[PlyCount "69"]
[EventDate "1987.09.26"]
[EventType "team-tourn"]
[EventRounds "5"]
[EventCountry "SUI"]
[Source "ChessBase"]
[SourceDate "2000.11.22"]

1. c4 e6 2. Nf3 d5 3. d4 Nf6 4. Nc3 Nbd7 5. Bg5 c6 6. cxd5 exd5 7. e3 Bd6 8.
Bd3 Nf8 9. Ne5 Qe7 10. f4 h6 11. Bh4 g5 12. Bg3 h5 13. O-O h4 14. Bf2 Ne6 15.
f5 Ng7 16. e4 dxe4 17. Nxe4 Nxe4 18. Bxe4 Bxe5 19. dxe5 Bxf5 20. Bxf5 Nxf5 21.
Qc2 Qe6 22. Bc5 Ne7 23. Rf6 Qxe5 24. Rff1 b6 25. Bxe7 Qd4+ 26. Kh1 Kxe7 27.
Rad1 Qc5 28. Qe4+ Kf8 29. Rd7 Kg8 30. Rdxf7 Rh6 31. R7f5 Qd6 32. Rxg5+ Kh8 33.
Qf3 Qd2 34. Rh5 Re8 35. Qf6+ 1-0

[Event "Mitropa Cup 11th"]
[Site "Muerren"]
[Date "1987.??.??"]
[Round "5"]
[White "Eisterer, Heinrich"]
[Black "Matulovic, Milan"]
[Result "1/2-1/2"]
[WhiteElo "2340"]
[BlackElo "2425"]
[PlyCount "86"]
[EventDate "1987.09.26"]
[EventType "team-tourn"]
[EventRounds "5"]
[EventCountry "SUI"]
[Source "ChessBase"]
[SourceDate "2000.11.22"]

1. d4 g6 2. c4 Bg7 3. Nc3 c5 4. d5 d6 5. e4 Nf6 6. Nf3 O-O 7. Be2 e6 8. O-O Re8
9. Bg5 exd5 10. exd5 h6 11. Bh4 Bg4 12. h3 Bxf3 13. Bxf3 Nbd7 14. Qd2 a6 15. a4
Qb6 16. a5 Qc7 17. Bg3 Rab8 18. Rfe1 Nh7 19. Bf4 Rxe1+ 20. Qxe1 Ne5 21. Be2 b6
22. axb6 Rxb6 23. Qc1 h5 24. Qc2 Rb8 25. Nd1 Nf6 26. Ra3 Ne8 27. b3 Nd7 28. Nc3
Be5 29. Bc1 Ng7 30. Bd3 Bd4 31. Ne2 Bf6 32. Qa2 Qc8 33. Bd2 Ne5 34. Bc2 Nxc4
35. bxc4 Rb2 36. Qa1 Rxc2 37. Qxf6 Rxd2 38. Ng3 Rd4 39. Qxd6 h4 40. Ne2 Nf5 41.
Qe5 Rxc4 42. d6 Rb4 43. Rd3 Qb8 1/2-1/2

[Event "Mitropa Cup 11th"]
[Site "Muerren"]
[Date "1987.??.??"]
[Round "5"]
[White "Hug, Werner"]
[Black "Stull, Norbert"]
[Result "1/2-1/2"]
[WhiteElo "2430"]
[BlackElo "2250"]
[PlyCount "60"]
[EventDate "1987.09.26"]
[EventType "team-tourn"]
[EventRounds "5"]
[EventCountry "SUI"]
[Source "ChessBase"]
[SourceDate "2000.11.22"]

1. Nf3 Nf6 2. d4 g6 3. c3 Bg7 4. Bg5 d6 5. Nbd2 h6 6. Bh4 Nbd7 7. e4 e5 8. dxe5
dxe5 9. Bc4 O-O 10. O-O Qe7 11. Re1 Nb6 12. Bf1 Bd7 13. a4 a5 14. Nc4 Nxc4 15.
Bxc4 Bc6 16. Bd5 Rad8 17. Qb3 Bxd5 18. exd5 e4 19. Bxf6 Bxf6 20. Nd2 c6 21.
Nxe4 cxd5 22. Nxf6+ Qxf6 23. Rad1 d4 24. cxd4 Rxd4 25. Rxd4 Qxd4 26. g3 Rd8 27.
h4 h5 28. Qxb7 Qxa4 29. b3 Qd4 30. Qc7 Rd5 1/2-1/2

[Event "Mitropa Cup 11th"]
[Site "Muerren"]
[Date "1987.??.??"]
[Round "5"]
[White "Nikolic, Zivoslav"]
[Black "Titz, Heimo"]
[Result "1-0"]
[WhiteElo "2420"]
[BlackElo "2290"]
[PlyCount "105"]
[EventDate "1987.09.26"]
[EventType "team-tourn"]
[EventRounds "5"]
[EventCountry "SUI"]
[Source "ChessBase"]
[SourceDate "2000.11.22"]

1. d4 Nf6 2. Nf3 e6 3. Bg5 c5 4. e3 b6 5. Nbd2 Bb7 6. Bd3 cxd4 7. exd4 Be7 8.
O-O O-O 9. c3 d6 10. Bxf6 Bxf6 11. Be4 Qc7 12. Re1 Nd7 13. Bxb7 Qxb7 14. Ne4
Be7 15. Qb3 Rfe8 16. Re2 Nf6 17. Rae1 Nxe4 18. Rxe4 d5 19. Rg4 Bf6 20. Ne5 b5
21. a4 Rab8 22. axb5 Qxb5 23. Qxb5 Rxb5 24. Nd3 a5 25. Ra1 Reb8 26. Kf1 Be7 27.
Rg3 f6 28. Re3 Kf7 29. f4 h5 30. Rae1 R8b6 31. f5 Bd6 32. fxe6+ Ke7 33. Rh3 Bb8
34. Rxh5 Rxe6 35. Rxe6+ Kxe6 36. Rh8 Bd6 37. h3 Rb8 38. Nc5+ Kf5 39. Rxb8 Bxb8
40. b4 Bc7 41. Kf2 Kg6 42. Ke3 Kf7 43. b5 Ke7 44. Kd2 g5 45. g4 Kd6 46. Nb7+
Ke6 47. Nc5+ Kd6 48. Kc2 Bb6 49. Na4 Bd8 50. Kb3 Kc7 51. Nc5 Kb6 52. Ka4 Bc7
53. Nd7+ 1-0

[Event "Mitropa Cup 11th"]
[Site "Muerren"]
[Date "1987.??.??"]
[Round "5"]
[White "Raicevic, Vladimir"]
[Black "Miniboeck, Guenter"]
[Result "0-1"]
[WhiteElo "2460"]
[BlackElo "2315"]
[PlyCount "64"]
[EventDate "1987.09.26"]
[EventType "team-tourn"]
[EventRounds "5"]
[EventCountry "SUI"]
[Source "ChessBase"]
[SourceDate "2000.11.22"]

1. d4 Nf6 2. c4 g6 3. Nc3 d5 4. Nf3 Bg7 5. cxd5 Nxd5 6. e4 Nxc3 7. bxc3 c5 8.
Be3 Bg4 9. Rb1 Nc6 10. e5 Bxf3 11. gxf3 cxd4 12. cxd4 O-O 13. Rxb7 Qa5+ 14. Qd2
Qd5 15. Rb5 Qxf3 16. Rg1 Rab8 17. Bg2 Qf5 18. Rxb8 Rxb8 19. Ke2 Qg4+ 20. f3 Qh4
21. h3 e6 22. f4 Ne7 23. Bf2 Qh5+ 24. Bf3 Qxh3 25. Qc1 Nd5 26. Bxd5 exd5 27.
Rg3 Qf5 28. Rc3 h5 29. Be3 Rb1 30. Qc2 Qg4+ 31. Kd2 Rh1 32. Qd3 Qd1# 0-1

[Event "Mitropa Cup 11th"]
[Site "Muerren"]
[Date "1987.??.??"]
[Round "5"]
[White "Schlosser, Michael"]
[Black "Damljanovic, Branko"]
[Result "0-1"]
[WhiteElo "2350"]
[BlackElo "2500"]
[PlyCount "80"]
[EventDate "1987.09.26"]
[EventType "team-tourn"]
[EventRounds "5"]
[EventCountry "SUI"]
[Source "ChessBase"]
[SourceDate "2000.11.22"]

1. e4 c5 2. Nf3 e6 3. d4 cxd4 4. Nxd4 a6 5. Bd3 Nf6 6. O-O Qc7 7. Qe2 d6 8. f4
g6 9. Kh1 Bg7 10. c4 O-O 11. Nc3 Nbd7 12. Bd2 b6 13. Rae1 Bb7 14. Nf3 Rac8 15.
b3 Qb8 16. Qf2 b5 17. cxb5 axb5 18. b4 Rxc3 19. Bxc3 Nxe4 20. Bxe4 Bxc3 21. Re3
Bg7 22. Bxb7 Qxb7 23. Rc1 Nb6 24. Re2 Ra8 25. Rec2 Nc4 26. Nd2 d5 27. Nb3 Ra3
28. Nc5 Qe7 29. h3 h5 30. Rb1 h4 31. Rb3 Ra8 32. Rd3 Rd8 33. Kh2 Nd6 34. a4
bxa4 35. Ra3 e5 36. Rxa4 e4 37. Nb3 Nf5 38. b5 d4 39. b6 Rb8 40. Rc7 Qd6 0-1

[Event "Mitropa Cup 12th"]
[Site "Aosta"]
[Date "1988.??.??"]
[Round "?"]
[White "Apicella, Manuel"]
[Black "Lanzani, Mario"]
[Result "1-0"]
[WhiteElo "2355"]
[BlackElo "2375"]
[PlyCount "85"]
[EventDate "1988.06.??"]
[EventType "team-tourn"]
[EventRounds "11"]
[EventCountry "ITA"]
[Source "ChessBase"]
[SourceDate "1994.03.01"]

1. e4 c5 2. Nf3 d6 3. d4 cxd4 4. Nxd4 Nf6 5. Nc3 Nc6 6. Bc4 e6 7. Be3 Be7 8.
Bb3 O-O 9. O-O d5 10. exd5 exd5 11. Nce2 Na5 12. c3 Nxb3 13. axb3 Bd6 14. h3 a6
15. b4 Nh5 16. Qb3 Kh8 17. Ra5 Be6 18. f4 Bc7 19. Raa1 Qd6 20. Qc2 f5 21. Nf3
Nf6 22. Bc5 Bb6 23. Bxb6 Qxb6+ 24. Ned4 Ne4 25. Qd3 Rae8 26. Kh2 Bc8 27. g3 Qg6
28. Ne5 Qh5 29. Ndf3 Rd8 30. Ra5 b5 31. Qd4 Rd6 32. Kg2 Kg8 33. Raa1 Rh6 34.
Rh1 Rg6 35. Nxg6 Qxg6 36. Ng5 Nxg5 37. fxg5 f4 38. Raf1 Qc2+ 39. Rf2 f3+ 40.
Kh2 Qf5 41. g4 Qe6 42. Rhf1 Qe4 43. Kg3 1-0

[Event "Mitropa Cup 12th"]
[Site "Aosta"]
[Date "1988.??.??"]
[Round "?"]
[White "Arlandi, Ennio"]
[Black "Hickl, Joerg"]
[Result "0-1"]
[WhiteElo "2405"]
[BlackElo "2485"]
[PlyCount "68"]
[EventDate "1988.06.??"]
[EventType "team-tourn"]
[EventRounds "11"]
[EventCountry "ITA"]
[Source "ChessBase"]
[SourceDate "1994.03.01"]

1. d4 Nf6 2. c4 d6 3. Nf3 c6 4. Nc3 Bf5 5. Nh4 Bd7 6. g3 g6 7. Bg2 Bg7 8. O-O
O-O 9. h3 e5 10. d5 cxd5 11. cxd5 Na6 12. e4 Ne8 13. Re1 f5 14. exf5 gxf5 15.
Kh2 b5 16. a3 Nc5 17. Bf1 Rb8 18. b4 Na4 19. Nxa4 bxa4 20. Ra2 Nc7 21. Rc2 Bb5
22. f4 e4 23. Ng2 Bxf1 24. Rxf1 Nb5 25. Rc6 Nd4 26. Ra6 Rb7 27. Rxa4 Nf3+ 28.
Kh1 Qe8 29. Ne1 Rc7 30. Nxf3 exf3 31. Bd2 Qh5 32. h4 Qg4 33. Kh2 Re8 34. Rxf3
Rce7 0-1

[Event "Mitropa Cup 12th"]
[Site "Aosta"]
[Date "1988.??.??"]
[Round "?"]
[White "Arlandi, Ennio"]
[Black "Mossong, Hubert"]
[Result "0-1"]
[WhiteElo "2405"]
[BlackElo "2205"]
[PlyCount "76"]
[EventDate "1988.06.??"]
[EventType "team-tourn"]
[EventRounds "11"]
[EventCountry "ITA"]
[Source "ChessBase"]
[SourceDate "1994.03.01"]

1. d4 f5 2. c4 Nf6 3. g3 g6 4. Bg2 Bg7 5. Nf3 O-O 6. O-O d6 7. Nc3 Nc6 8. d5
Ne5 9. Nxe5 dxe5 10. e4 f4 11. h3 g5 12. g4 a5 13. b3 Ra6 14. Bb2 h5 15. f3 Bd7
16. Qe2 Qc8 17. Nd1 hxg4 18. hxg4 Nxg4 19. fxg4 Bxg4 20. Qd3 Bh5 21. c5 Rh6 22.
Bc3 g4 23. Bxa5 f3 24. Ne3 g3 25. Be1 Rg6 26. Rc1 f2+ 27. Bxf2 gxf2+ 28. Rxf2
Qh3 29. Qd2 Bh6 30. Re1 Rxf2 31. Qxf2 Bf3 32. Kf1 Bxg2+ 33. Ke2 Bxe4 34. d6
exd6 35. cxd6 cxd6 36. Kd1 Qh5+ 37. Kc1 Rg2 38. Rg1 Rxg1+ 0-1

[Event "Mitropa Cup 12th"]
[Site "Aosta"]
[Date "1988.??.??"]
[Round "?"]
[White "Arlandi, Ennio"]
[Black "Wirthensohn, Heinz"]
[Result "1/2-1/2"]
[WhiteElo "2405"]
[BlackElo "2425"]
[PlyCount "83"]
[EventDate "1988.06.??"]
[EventType "team-tourn"]
[EventRounds "11"]
[EventCountry "ITA"]
[Source "ChessBase"]
[SourceDate "1994.03.01"]

1. d4 Nf6 2. c4 e6 3. Nc3 Bb4 4. Qc2 c5 5. dxc5 Bxc5 6. Nf3 Qb6 7. e3 Qc7 8. a3
a6 9. b4 Be7 10. Bb2 d6 11. Be2 b6 12. Rg1 Bb7 13. g4 O-O 14. g5 Ne8 15. h4 Nd7
16. Nd2 d5 17. cxd5 exd5 18. O-O-O a5 19. bxa5 Rxa5 20. Nb3 Rxa3 21. Bxa3 Bxa3+
22. Kb1 Qe5 23. Nb5 Be7 24. Qb2 Qh2 25. Bd3 g6 26. Rh1 Qb8 27. h5 Qe5 28. f4
Qxb2+ 29. Kxb2 Nc5 30. Nxc5 Bxc5 31. Nd4 Nd6 32. Rh4 Re8 33. Nc2 Bxe3 34. hxg6
fxg6 35. Rdh1 d4 36. Bxg6 hxg6 37. Rh8+ Kf7 38. R1h7+ Ke6 39. Rxe8+ Nxe8 40.
Rxb7 Nd6 41. Rxb6 Bxf4 42. Nxd4+ 1/2-1/2

[Event "Mitropa Cup 12th"]
[Site "Aosta"]
[Date "1988.??.??"]
[Round "?"]
[White "Barle, Janez"]
[Black "Mossong, Hubert"]
[Result "1-0"]
[WhiteElo "2425"]
[BlackElo "2205"]
[PlyCount "101"]
[EventDate "1988.06.??"]
[EventType "team-tourn"]
[EventRounds "11"]
[EventCountry "ITA"]
[Source "ChessBase"]
[SourceDate "1994.03.01"]

1. Nf3 g6 2. c4 Bg7 3. e4 c5 4. d4 cxd4 5. Nxd4 Nc6 6. Be3 Nf6 7. Nc3 Ng4 8.
Qxg4 Nxd4 9. Qd1 Nc6 10. Rc1 O-O 11. Be2 d6 12. O-O Bd7 13. a3 Rc8 14. b4 b6
15. f4 f5 16. exf5 Bxf5 17. Qd2 Re8 18. Bf3 Qd7 19. Rfd1 Red8 20. h3 Be6 21.
Nd5 Bf7 22. Qf2 e6 23. Nc3 Ne7 24. Bd4 Rxc4 25. Bxg7 Kxg7 26. Qb2 Kf8 27. Ne4
Rxc1 28. Rxc1 Ng8 29. Ng5 h6 30. Bc6 Qc7 31. Nh7+ Ke7 32. Bb5 Qb7 33. Qc3 Be8
34. Qc7+ Qxc7 35. Rxc7+ Bd7 36. Rxa7 Ke8 37. Rxd7 Rxd7 38. a4 e5 39. Bxd7+ Kxd7
40. Nf8+ Ke8 41. Nxg6 Kf7 42. a5 bxa5 43. bxa5 Nf6 44. fxe5 Nd7 45. Nh8+ Ke6
46. exd6 h5 47. a6 Kxd6 48. a7 Nb6 49. Ng6 Kc7 50. Nf4 h4 51. Nd5+ 1-0

[Event "Mitropa Cup 12th"]
[Site "Aosta"]
[Date "1988.??.??"]
[Round "?"]
[White "Barle, Janez"]
[Black "Robatsch, Karl"]
[Result "1/2-1/2"]
[WhiteElo "2425"]
[BlackElo "2415"]
[PlyCount "67"]
[EventDate "1988.06.??"]
[EventType "team-tourn"]
[EventRounds "11"]
[EventCountry "ITA"]
[Source "ChessBase"]
[SourceDate "1994.03.01"]

1. Nf3 Nf6 2. c4 e6 3. Nc3 b6 4. g3 Bb7 5. Bg2 Bb4 6. O-O O-O 7. a3 Bxc3 8.
bxc3 d6 9. d3 Nbd7 10. e4 Nc5 11. Qc2 Qd7 12. a4 a5 13. Nd2 e5 14. d4 Ne6 15.
Qd3 Qe7 16. Bb2 Nh5 17. Rfe1 g6 18. Qe3 f6 19. f3 Rac8 20. Nb3 c5 21. d5 Neg7
22. Bc1 Ba6 23. Qe2 f5 24. exf5 gxf5 25. Bh6 Qf6 26. Bxg7 Qxg7 27. Nd2 Nf6 28.
Qd3 Qg5 29. Rab1 Rb8 30. Rb2 h5 31. Qe3 Qg6 32. Reb1 Nd7 33. Kh1 Kf7 34. Bh3
1/2-1/2

[Event "Mitropa Cup 12th"]
[Site "Aosta"]
[Date "1988.??.??"]
[Round "?"]
[White "Barle, Janez"]
[Black "Zueger, Beat"]
[Result "1/2-1/2"]
[WhiteElo "2425"]
[BlackElo "2470"]
[PlyCount "97"]
[EventDate "1988.06.??"]
[EventType "team-tourn"]
[EventRounds "11"]
[EventCountry "ITA"]
[Source "ChessBase"]
[SourceDate "1994.03.01"]

1. Nf3 Nf6 2. c4 g6 3. Nc3 Bg7 4. e4 d6 5. d4 O-O 6. Be2 Bg4 7. Be3 Nfd7 8. Ng1
Bxe2 9. Ngxe2 c5 10. O-O cxd4 11. Nxd4 Nc6 12. Rc1 Qa5 13. b3 a6 14. Nd5 Rfe8
15. b4 Qd8 16. c5 Nxb4 17. Nxb4 dxc5 18. Nd5 cxd4 19. Bxd4 Bxd4 20. Qxd4 Nf6
21. Rc5 Nxd5 22. Rxd5 Qc7 23. Rd7 Rad8 24. Rd1 Rxd7 25. Qxd7 Rc8 26. g3 b5 27.
Qxc7 Rxc7 28. Rd8+ Kg7 29. Ra8 Rc6 30. e5 g5 31. Ra7 e6 32. h3 h5 33. Kg2 g4
34. hxg4 hxg4 35. a3 Kg6 36. Kg1 Kf5 37. Rxf7+ Kxe5 38. a4 bxa4 39. Rf4 a3 40.
Ra4 Rc1+ 41. Kg2 Kf5 42. Rxa3 Rc6 43. Ra5+ e5 44. f4 gxf3+ 45. Kxf3 Rc3+ 46.
Kf2 Ke4 47. Rxa6 Rc2+ 48. Ke1 Kf3 49. Ra3+ 1/2-1/2